000 00255nam a22001217a 4500
008 181017b xxu||||| |||| 00| 0 eng d
041 _aeng
080 _a781
100 _a45
101 _aMUZ
245 _aSounds Sense
_cLwrenence.p
942 _2udc
_cBK
999 _c49959
_d49959